Archival Issues

محفوظ في:

التنسيق: دورية

اللغة: Undetermined

منشور في: JSTOR
Midwest Archives Conference

الموضوعات:

الوصول للمادة أونلاين: Login to view Source

الوسوم: إضافة وسم

لا توجد وسوم, كن أول من يضع وسما على هذه التسجيلة!

رقم الطلب:

LEADER 00569nas a2200193Ia 4500
008 220214c99999999xx |||||||||||| ||und||
022 |a 1067-4993 
022 |a 2328-546X 
245 0 0 |a Archival Issues 
264 1 |b JSTOR 
264 1 |b Midwest Archives Conference 
362 0 |a Vol. 17(1992)-38 (2017) 
653 1 0 |a Library Science 
653 1 0 |a Museum Studies 
653 1 0 |a Social Sciences 
856 4 0 |u https://www.jstor.org/journal/archivalissues 
942 |c JL 
952 |0 0  |1 0  |4 0  |7 1  |9 34005  |a JSR  |b JSR  |d 2022-02-14  |l 0  |r 2022-02-14 00:00:00  |w 2022-02-14  |y JL 
999 |c 42338  |d 42338